[Event "NB-Einzel Untergriesbach"]
[Site "Niederbayern"]
[Date "2013.04.06"]
[Round "5.4"]
[White "Palmi, Herbert"]
[Black "Bichlmeier, Juergen"]
[Result "1/2-1/2"]
[WhiteElo "1993"]
[BlackElo "1922"]
[PlyCount "71"]
[EventDate "2013.04.??"]
[EventType "swiss"]
[EventRounds "7"]
[EventCountry "GER"]
[SourceDate "2015.06.26"]
[WhiteTeam "SC Bayerwald Regen"]
[BlackTeam "SC Rottal"]
[WhiteTeamCountry "GER"]
[BlackTeamCountry "GER"]

1. e4 c5 2. Nc3 d6 3. g4 Nc6 4. Bg2 e5 5. d3 Be7 6. h3 Bg5 7. Bxg5 Qxg5 8. Nd5
Qd8 9. Ne2 h5 10. gxh5 Nf6 11. Ng3 Nxd5 12. exd5 Nd4 13. c3 Nf5 14. Nxf5 Bxf5
15. Qe2 Qg5 16. Bf3 O-O-O 17. Qd2 Qh4 18. O-O-O e4 19. dxe4 Bxe4 20. Bxe4 Qxe4
21. Qg5 Qh7 22. Rhg1 Qxh5 23. Qxh5 Rxh5 24. Rxg7 Rf5 25. Rg2 Rh8 26. Rd3 c4 27.
Rd4 Rxh3 28. Rxc4+ Kd7 29. Rb4 b6 30. Ra4 a5 31. Rd4 b5 32. Kc2 Rhh5 33. a4
Rxd5 34. Rxd5 Rxd5 35. axb5 Rxb5 36. f4 1/2-1/2

[Event "NB-Einzel Untergriesbach"]
[Site "Niederbayern"]
[Date "2013.04.06"]
[Round "5.5"]
[White "Schultes, Christoph"]
[Black "Kuespert, Erwin"]
[Result "1/2-1/2"]
[WhiteElo "1941"]
[BlackElo "1778"]
[PlyCount "37"]
[EventDate "2013.04.??"]
[EventType "swiss"]
[EventRounds "7"]
[EventCountry "GER"]
[SourceDate "2015.06.26"]
[WhiteTeam "SK Landau-Dingolfing"]
[BlackTeam "DJK-SV Schaibing"]
[WhiteTeamCountry "GER"]
[BlackTeamCountry "GER"]

1. d4 g6 2. Nf3 Bg7 3. e4 d6 4. c3 Nf6 5. Bd3 O-O 6. O-O Nc6 7. Bf4 Nh5 8. Bg5
h6 9. Be3 e5 10. d5 Ne7 11. Ne1 f5 12. exf5 Bxf5 13. Bxf5 Nxf5 14. Nd2 Nxe3 15.
fxe3 Qg5 16. Rxf8+ Rxf8 17. Qe2 Nf6 18. Nef3 Qg4 19. e4 1/2-1/2

[Event "NB-Einzel Untergriesbach"]
[Site "Niederbayern"]
[Date "2013.04.06"]
[Round "5.6"]
[White "Sierian, Peter"]
[Black "Stadler, Alexander"]
[Result "0-1"]
[WhiteElo "1723"]
[BlackElo "2086"]
[PlyCount "80"]
[EventDate "2013.04.??"]
[EventType "swiss"]
[EventRounds "7"]
[EventCountry "GER"]
[SourceDate "2015.06.26"]
[WhiteTeam "TSV Aidenbach"]
[BlackTeam "SV Deggendorf"]
[WhiteTeamCountry "GER"]
[BlackTeamCountry "GER"]

1. d4 d5 2. Nf3 Nf6 3. g3 c6 4. Bg2 e6 5. O-O Nbd7 6. b3 Be7 7. Bb2 O-O 8. Nbd2
b6 9. Re1 Bb7 10. c4 Rc8 11. Rc1 Re8 12. e3 Rc7 13. Rc2 dxc4 14. Nxc4 c5 15.
Nfe5 Bxg2 16. Kxg2 Qa8+ 17. Kg1 cxd4 18. Nxd7 Rxd7 19. Bxd4 Bb4 20. Nd2 e5 21.
Bc3 Bxc3 22. Rxc3 Ne4 23. Rc2 Red8 24. Re2 Ng5 25. e4 Nf3+ 26. Kg2 Nd4 27. Nc4
Nxe2 28. Qxe2 Rd4 29. f3 f6 30. Ne3 Rc8 31. Nf5 Rxc2 32. Qxc2 Rd7 33. Qc4+ Kh8
34. Kh3 Qd8 35. a4 g6 36. Ne3 Rc7 37. Qe2 Qd7+ 38. g4 Rc3 39. Nd5 Rxb3 40. Nxf6
Qd3 0-1

[Event "NB-Einzel Untergriesbach"]
[Site "Niederbayern"]
[Date "2013.04.06"]
[Round "5.7"]
[White "Zinner, Bernhard"]
[Black "Haselbeck, Franz"]
[Result "1-0"]
[WhiteElo "1706"]
[BlackElo "1856"]
[PlyCount "65"]
[EventDate "2013.04.??"]
[EventType "swiss"]
[EventRounds "7"]
[EventCountry "GER"]
[SourceDate "2015.06.26"]
[WhiteTeam "TV 1862 Geiselhöring"]
[BlackTeam "SV Deggendorf"]
[WhiteTeamCountry "GER"]
[BlackTeamCountry "GER"]

1. d4 Nf6 2. c4 c5 3. e3 e6 4. Nf3 a6 5. Nc3 d5 6. cxd5 exd5 7. dxc5 Bxc5 8.
Bd3 O-O 9. O-O Bg4 10. b3 Nc6 11. Na4 Be7 12. h3 Bh5 13. Bb2 b5 14. Nc3 Rc8 15.
Bf5 Rc7 16. g4 Bg6 17. Bxg6 hxg6 18. g5 Ne4 19. Nxd5 Rd7 20. Nxe7+ Qxe7 21. Qe2
Nxg5 22. Nxg5 Qxg5+ 23. Kh2 Rfd8 24. Rad1 Qh4 25. Rxd7 Rxd7 26. Rc1 Ne7 27. Be5
Nf5 28. Rc6 Qd8 29. Rxa6 Rd2 30. Qf3 Qe7 31. Ra8+ Kh7 32. Qf4 Nh4 33. Rh8+ 1-0

[Event "NB-Einzel Untergriesbach"]
[Site "Niederbayern"]
[Date "2013.04.06"]
[Round "5.9"]
[White "Kreilinger, Erich"]
[Black "Seidl, Josef"]
[Result "1-0"]
[WhiteElo "1850"]
[BlackElo "1258"]
[PlyCount "53"]
[EventDate "2013.04.??"]
[EventType "swiss"]
[EventRounds "7"]
[EventCountry "GER"]
[SourceDate "2015.06.26"]
[WhiteTeam "TV 1862 Geiselhöring"]
[BlackTeam "TSV Kreuzberg"]
[WhiteTeamCountry "GER"]
[BlackTeamCountry "GER"]

1. e4 c5 2. Nc3 Nc6 3. f4 e6 4. Nf3 Nge7 5. Be2 g6 6. O-O Bg7 7. Nb5 d5 8. e5
O-O 9. c3 f6 10. d4 fxe5 11. fxe5 c4 12. Kh1 a6 13. Na3 Bd7 14. Bg5 Qe8 15. Qd2
Nf5 16. g4 h6 17. gxf5 hxg5 18. f6 Bh6 19. Nxg5 Rf7 20. Qc2 Nxe5 21. dxe5 d4
22. Qxg6+ Rg7 23. Qxh6 Bc6+ 24. Kg1 Qg6 25. Qxg7+ Qxg7 26. fxg7 Kxg7 27. Nxe6+
1-0

[Event "NB-Einzel Untergriesbach"]
[Site "Niederbayern"]
[Date "2013.04.06"]
[Round "5.10"]
[White "Pauli, Anton"]
[Black "Neuwerth, Chulian"]
[Result "1/2-1/2"]
[WhiteElo "1133"]
[BlackElo "1358"]
[PlyCount "99"]
[EventDate "2013.04.??"]
[EventType "swiss"]
[EventRounds "7"]
[EventCountry "GER"]
[SourceDate "2015.06.26"]
[WhiteTeam "SV Röhrnbach e.V."]
[BlackTeam "SC Castra Batava Passau"]
[WhiteTeamCountry "GER"]
[BlackTeamCountry "GER"]

1. e4 c6 2. Nf3 d5 3. exd5 cxd5 4. d4 Bg4 5. Be2 e6 6. O-O Bd6 7. Ne5 Bxe2 8.
Qxe2 Nc6 9. f4 Nxd4 10. Qd3 Bxe5 11. fxe5 Nf5 12. Qb5+ Qd7 13. Qxd7+ Kxd7 14.
c3 f6 15. Re1 fxe5 16. Rxe5 Nge7 17. Nd2 Ng6 18. Re1 e5 19. Nb3 b6 20. Be3 Nxe3
21. Rxe3 Rhf8 22. Rae1 Rf6 23. g3 Raf8 24. R3e2 h5 25. a4 a5 26. Nd2 e4 27. Rf1
Rxf1+ 28. Nxf1 Ne5 29. Ne3 Ke6 30. Kg2 g5 31. h3 g4 32. h4 Rf3 33. Nc2 Kd6 34.
Nd4 Nd3 35. b4 axb4 36. cxb4 Rf7 37. a5 bxa5 38. bxa5 Nc5 39. Ra2 Na6 40. Rf2
Rxf2+ 41. Kxf2 Ke5 42. Ke3 Nb4 43. Ne2 Nc6 44. a6 Na7 45. Nf4 d4+ 46. Ke2 e3
47. Nxh5 Ke4 48. Nf6+ Kf5 49. Nh5 Ke4 50. Nf6+ 1/2-1/2

[Event "NB-Einzel Untergriesbach"]
[Site "Niederbayern"]
[Date "2013.04.06"]
[Round "6.1"]
[White "Mueller, Michael3"]
[Black "Heyne, Martin"]
[Result "0-1"]
[WhiteElo "2012"]
[BlackElo "2043"]
[PlyCount "50"]
[EventDate "2013.04.??"]
[EventType "swiss"]
[EventRounds "7"]
[EventCountry "GER"]
[SourceDate "2015.06.26"]
[WhiteTeam "SC Bayerwald Regen"]
[BlackTeam "DJK-SV Schaibing"]
[WhiteTeamCountry "GER"]
[BlackTeamCountry "GER"]

1. e4 c6 2. d4 d5 3. Nc3 dxe4 4. Nxe4 Bf5 5. Ng3 Bg6 6. h4 h6 7. Nh3 Nf6 8. Nf4
Bh7 9. Bc4 e6 10. O-O Nd5 11. Bxd5 cxd5 12. Re1 Be7 13. Qg4 Nc6 14. Nxe6 fxe6
15. Qxg7 Kd7 16. c3 Qf8 17. Qxf8 Bxf8 18. Bf4 Be7 19. Bxh6 Bxh4 20. Bg7 Rhg8
21. Nh5 Bg6 22. Nf6+ Bxf6 23. Bxf6 Be4 24. g3 Raf8 25. Bh4 Ne7 0-1

[Event "NB-Einzel Untergriesbach"]
[Site "Niederbayern"]
[Date "2013.04.06"]
[Round "6.2"]
[White "Stadler, Alexander"]
[Black "Heiduczek, Josef"]
[Result "0-1"]
[WhiteElo "2086"]
[BlackElo "2205"]
[PlyCount "86"]
[EventDate "2013.04.??"]
[EventType "swiss"]
[EventRounds "7"]
[EventCountry "GER"]
[SourceDate "2015.06.26"]
[WhiteTeam "SV Deggendorf"]
[BlackTeam "SC Rottal"]
[WhiteTeamCountry "GER"]
[BlackTeamCountry "GER"]

1. Nf3 f5 2. d3 Nc6 3. e4 e5 4. Nc3 Bb4 5. exf5 d5 6. Bg5 Nf6 7. d4 e4 8. Nh4
O-O 9. Be2 h6 10. Bxf6 Qxf6 11. Ng6 Rd8 12. g4 Nxd4 13. a3 Bxc3+ 14. bxc3 Nxe2
15. Kxe2 Qxc3 16. Rg1 Qf6 17. g5 hxg5 18. Qd2 Bxf5 19. Qxg5 Qxg5 20. Rxg5 Bxg6
21. Rxg6 Rd7 22. Rag1 Re8 23. R1g5 d4 24. h4 b6 25. h5 e3 26. h6 exf2+ 27. Kxf2
Rf7+ 28. Kg3 Ree7 29. Rh5 Rf6 30. Rg4 c5 31. h7+ Kh8 32. Rgh4 Re3+ 33. Kg2 Re2+
34. Kg1 Rxc2 35. Rd5 Rh6 36. Re4 Ra2 37. Rd7 Rg6+ 38. Kf1 Rf6+ 39. Kg1 Kxh7 40.
Rxa7 Rg6+ 41. Kh1 d3 42. Rd7 d2 43. a4 Ra1+ 0-1

[Event "NB-Einzel Untergriesbach"]
[Site "Niederbayern"]
[Date "2013.04.06"]
[Round "6.3"]
[White "Bichlmeier, Juergen"]
[Black "Zepke, Armin"]
[Result "1/2-1/2"]
[WhiteElo "1922"]
[BlackElo "2032"]
[PlyCount "41"]
[EventDate "2013.04.??"]
[EventType "swiss"]
[EventRounds "7"]
[EventCountry "GER"]
[SourceDate "2015.06.26"]
[WhiteTeam "SC Rottal"]
[BlackTeam "SC Bayerwald Regen"]
[WhiteTeamCountry "GER"]
[BlackTeamCountry "GER"]

1. c4 c6 2. g3 d5 3. Bg2 Nf6 4. Nf3 Bf5 5. b3 e6 6. O-O Nbd7 7. Bb2 h6 8. d3
Be7 9. Nbd2 O-O 10. a3 a5 11. Qc2 Qb8 12. e4 Bh7 13. e5 Ne8 14. Qc3 Nc7 15. b4
Rc8 16. Nb3 b6 17. Bh3 axb4 18. axb4 Qb7 19. Rxa8 Rxa8 20. Ra1 Rxa1+ 21. Nxa1
1/2-1/2

[Event "NB-Einzel Untergriesbach"]
[Site "Niederbayern"]
[Date "2013.04.06"]
[Round "6.4"]
[White "Schultes, Christoph"]
[Black "Palmi, Herbert"]
[Result "1-0"]
[WhiteElo "1941"]
[BlackElo "1993"]
[PlyCount "165"]
[EventDate "2013.04.??"]
[EventType "swiss"]
[EventRounds "7"]
[EventCountry "GER"]
[SourceDate "2015.06.26"]
[WhiteTeam "SK Landau-Dingolfing"]
[BlackTeam "SC Bayerwald Regen"]
[WhiteTeamCountry "GER"]
[BlackTeamCountry "GER"]

1. d4 Nf6 2. c4 e6 3. g3 c5 4. d5 b5 5. Bg2 Bb7 6. e4 bxc4 7. Nc3 d6 8. Bg5 Be7
9. Bxf6 Bxf6 10. Nge2 e5 11. Qa4+ Qd7 12. Qxc4 O-O 13. Qb5 Qe7 14. O-O Na6 15.
Qa4 Rfb8 16. a3 Nc7 17. Rfb1 Ba6 18. Nc1 Bc8 19. b4 Bd7 20. Qc2 cxb4 21. axb4
Nb5 22. Nxb5 Bxb5 23. Bh3 Rb7 24. Ra3 Rc7 25. Rc3 Rxc3 26. Qxc3 Bd7 27. Bxd7
Qxd7 28. Qc6 Qxc6 29. dxc6 Rc8 30. b5 Bd8 31. Na2 Ba5 32. Nb4 Bxb4 33. Rxb4 Kf8
34. Ra4 Rc7 35. Rxa7 Rxa7 36. b6 Ra1+ 37. Kg2 Ke7 38. b7 Rb1 39. c7 Rxb7 40.
c8=Q Rb4 41. Qc7+ Ke6 42. f3 Rd4 43. Qd8 h5 44. Qc8+ Ke7 45. h4 g6 46. Qc6 Rd2+
47. Kf1 Rh2 48. Kg1 Rd2 49. g4 hxg4 50. fxg4 Kf6 51. h5 gxh5 52. gxh5 Rd1+ 53.
Kg2 Kg5 54. Qc2 Rd4 55. Qe2 f5 56. Qe3+ Kxh5 57. Qh3+ Kg6 58. Qxf5+ Kg7 59. Kg3
Kh6 60. Kh4 d5 61. Qf6+ Kh7 62. Kg5 Rxe4 63. Qf7+ Kh8 64. Qxd5 Re1 65. Kf5 Rf1+
66. Kxe5 Rf8 67. Qh1+ Kg7 68. Qh5 Rf7 69. Ke6 Rf6+ 70. Ke7 Rg6 71. Qf5 Kh8 72.
Qe5+ Kg8 73. Ke8 Rg7 74. Qh5 Rg1 75. Qf7+ Kh8 76. Qf6+ Kg8 77. Qe6+ Kg7 78.
Qd7+ Kh6 79. Qh3+ Kg6 80. Qd3+ Kh6 81. Qe3+ Rg5 82. Kf7 Kh5 83. Qh3# 1-0

[Event "NB-Einzel Untergriesbach"]
[Site "Niederbayern"]
[Date "2013.04.06"]
[Round "6.5"]
[White "Wimmer, Martin"]
[Black "Kuespert, Erwin"]
[Result "1/2-1/2"]
[WhiteElo "1990"]
[BlackElo "1778"]
[PlyCount "21"]
[EventDate "2013.04.??"]
[EventType "swiss"]
[EventRounds "7"]
[EventCountry "GER"]
[SourceDate "2015.06.26"]
[WhiteTeam "DJK-SV Schaibing"]
[BlackTeam "DJK-SV Schaibing"]
[WhiteTeamCountry "GER"]
[BlackTeamCountry "GER"]

1. e4 e5 2. f4 exf4 3. Nf3 g5 4. Bc4 g4 5. O-O gxf3 6. Qxf3 Qf6 7. e5 Qxe5 8.
Bxf7+ Kxf7 9. d4 Qxd4+ 10. Be3 Qf6 11. Bxf4 1/2-1/2

[Event "NB-Einzel Untergriesbach"]
[Site "Niederbayern"]
[Date "2013.04.06"]
[Round "6.6"]
[White "Theiß, Johann"]
[Black "Heyne, Regina"]
[Result "1/2-1/2"]
[WhiteElo "1999"]
[BlackElo "1745"]
[PlyCount "105"]
[EventDate "2013.04.??"]
[EventType "swiss"]
[EventRounds "7"]
[EventCountry "GER"]
[SourceDate "2015.06.26"]
[WhiteTeam "SK Landau-Dingolfing"]
[BlackTeam "FC Bayern München"]
[WhiteTeamCountry "GER"]
[BlackTeamCountry "GER"]

1. e4 e6 2. d4 d5 3. Nc3 dxe4 4. Nxe4 Be7 5. Nf3 Nf6 6. Nxf6+ Bxf6 7. Bc4 O-O
8. O-O b6 9. Re1 Bb7 10. c3 Nd7 11. Qe2 c5 12. dxc5 Nxc5 13. Bf4 Qe7 14. Ne5
Bxe5 15. Bxe5 Qg5 16. Bg3 Ne4 17. Rad1 Nxg3 18. hxg3 Rfd8 19. Bd3 h6 20. a3 Kf8
21. Kh2 Rd6 22. f4 Qc5 23. Bc2 Rad8 24. Rxd6 Rxd6 25. Rd1 Rd5 26. Rxd5 Qxd5 27.
c4 Qd4 28. Bd3 a5 29. b4 axb4 30. axb4 Qd6 31. Qe5 Qxe5 32. fxe5 Ke7 33. g4 g5
34. Kg3 f6 35. Kf2 fxe5 36. g3 e4 37. Bf1 Kd6 38. Ke3 Ke5 39. Bg2 Bc6 40. Bh1
Ba4 41. Bxe4 Bd1 42. c5 bxc5 43. bxc5 Bb3 44. Bf3 Bd5 45. Be2 Bc6 46. Bc4 Ba4
47. Ke2 Bc6 48. Ke3 Kf6 49. Bd3 e5 50. Be4 Ba4 51. Bb7 Bc2 52. c6 Ke6 53. c7
1/2-1/2

[Event "NB-Einzel Untergriesbach"]
[Site "Niederbayern"]
[Date "2013.04.06"]
[Round "6.7"]
[White "Kreilinger, Erich"]
[Black "Zinner, Bernhard"]
[Result "0-1"]
[WhiteElo "1850"]
[BlackElo "1706"]
[PlyCount "80"]
[EventDate "2013.04.??"]
[EventType "swiss"]
[EventRounds "7"]
[EventCountry "GER"]
[SourceDate "2015.06.26"]
[WhiteTeam "TV 1862 Geiselhöring"]
[BlackTeam "TV 1862 Geiselhöring"]
[WhiteTeamCountry "GER"]
[BlackTeamCountry "GER"]

1. d4 d5 2. Nf3 c5 3. e3 Nf6 4. c4 dxc4 5. Bxc4 e6 6. O-O a6 7. Nc3 b5 8. Bb3
c4 9. Bc2 Bb7 10. a3 g6 11. Qe2 Bg7 12. e4 O-O 13. h3 Re8 14. Bg5 Qb6 15. Rfd1
Nbd7 16. e5 Nd5 17. Ne4 h6 18. Bd2 Reb8 19. Nd6 Bf8 20. Ne4 a5 21. h4 Ba6 22.
h5 b4 23. Qe1 Bg7 24. hxg6 fxg6 25. Nd6 Ne7 26. Be4 Ra7 27. Be3 Qc7 28. g4 g5
29. Rac1 bxa3 30. bxa3 Nd5 31. Bg6 Nf8 32. Bf7+ Kh8 33. Bxg5 hxg5 34. Nxg5 Qe7
35. Nf3 Bh6 36. Rc2 Rb3 37. Kg2 Nf4+ 38. Kg3 Bb7 39. Rc3 Rxc3 40. Qxc3 Ne2+ 0-1

[Event "NB-Einzel Untergriesbach"]
[Site "Niederbayern"]
[Date "2013.04.06"]
[Round "6.8"]
[White "Neuwerth, Chulian"]
[Black "Haselbeck, Franz"]
[Result "1/2-1/2"]
[WhiteElo "1358"]
[BlackElo "1856"]
[PlyCount "97"]
[EventDate "2013.04.??"]
[EventType "swiss"]
[EventRounds "7"]
[EventCountry "GER"]
[SourceDate "2015.06.26"]
[WhiteTeam "SC Castra Batava Passau"]
[BlackTeam "SV Deggendorf"]
[WhiteTeamCountry "GER"]
[BlackTeamCountry "GER"]

1. e4 c6 2. d4 d5 3. exd5 cxd5 4. c4 Nf6 5. Nc3 g6 6. Nf3 Bg7 7. Bd3 O-O 8. O-O
Nc6 9. Be3 Bg4 10. h3 Bxf3 11. Qxf3 dxc4 12. Bxc4 Nxd4 13. Qxb7 Nc2 14. Rad1
Qc8 15. Qxc8 Raxc8 16. Bb3 Nxe3 17. fxe3 Rfd8 18. Rxd8+ Rxd8 19. Rd1 Rxd1+ 20.
Bxd1 Nd7 21. Nd5 e6 22. Ne7+ Kf8 23. Nc6 Bxb2 24. Nxa7 Ba3 25. Nc6 Nc5 26. Na5
Ne4 27. Nc4 Bc5 28. a4 Nd2 29. Nxd2 Bxe3+ 30. Kf1 Bxd2 31. Ke2 Ba5 32. Kd3 Ke7
33. Kc4 Be1 34. Kb5 Kd7 35. a5 Kc7 36. a6 Bf2 37. Bf3 Ba7 38. Bc6 Kd6 39. Be8
f6 40. Bf7 e5 41. Bg8 e4 42. Kc4 e3 43. Kd3 h5 44. Bf7 h4 45. Bxg6 Ke5 46. Bh5
Kf4 47. Ke2 Kg3 48. Bf3 Kf4 49. Bb7 1/2-1/2

[Event "NB-Einzel Untergriesbach"]
[Site "Niederbayern"]
[Date "2013.04.06"]
[Round "6.9"]
[White "Seidl, Josef"]
[Black "Lichtmannecker, Hans"]
[Result "0-1"]
[WhiteElo "1258"]
[BlackElo "1653"]
[PlyCount "74"]
[EventDate "2013.04.??"]
[EventType "swiss"]
[EventRounds "7"]
[EventCountry "GER"]
[SourceDate "2015.06.26"]
[WhiteTeam "TSV Kreuzberg"]
[BlackTeam "SV Aham"]
[WhiteTeamCountry "GER"]
[BlackTeamCountry "GER"]

1. Nf3 d6 2. c4 e5 3. d3 f5 4. b3 Nf6 5. Bb2 Be7 6. Nbd2 O-O 7. g3 Nfd7 8. Bg2
c6 9. O-O Na6 10. a3 Qc7 11. b4 Bf6 12. Ra2 Re8 13. Ne1 Nf8 14. f4 Ng6 15. fxe5
Bxe5 16. Bxe5 Nxe5 17. Bh3 Ng4 18. Ng2 Qb6+ 19. c5 dxc5 20. Nc4 Qd8 21. Bxg4
fxg4 22. e4 cxb4 23. Qb3 Be6 24. Raf2 Qd4 25. Nf4 Bxc4 26. Qxc4+ Qxc4 27. dxc4
bxa3 28. Ra2 Rxe4 29. Rxa3 Rxc4 30. Ne6 Re8 31. Ng5 h6 32. Nf7 Rc2 33. Rd3 Ree2
34. Rd8+ Kh7 35. Rh8+ Kg6 36. Rf4 Re1+ 37. Rf1 Rxf1+ 0-1

[Event "NB-Einzel Untergriesbach"]
[Site "Niederbayern"]
[Date "2013.04.06"]
[Round "6.10"]
[White "Sierian, Peter"]
[Black "Pauli, Anton"]
[Result "1-0"]
[WhiteElo "1723"]
[BlackElo "1133"]
[PlyCount "71"]
[EventDate "2013.04.??"]
[EventType "swiss"]
[EventRounds "7"]
[EventCountry "GER"]
[SourceDate "2015.06.26"]
[WhiteTeam "TSV Aidenbach"]
[BlackTeam "SV Röhrnbach e.V."]
[WhiteTeamCountry "GER"]
[BlackTeamCountry "GER"]

1. d4 e6 2. Nf3 Nf6 3. g3 d5 4. Bg2 c5 5. c3 Nc6 6. O-O Bd7 7. Nbd2 Qc7 8. b3
cxd4 9. cxd4 Bd6 10. Bb2 O-O-O 11. Rc1 Kb8 12. e4 Be7 13. Ne5 Rhf8 14. Nxd7+
Rxd7 15. e5 Ng8 16. Qc2 g6 17. Nb1 Nb4 18. Qd2 Qb6 19. Nc3 Qa6 20. a3 Nd3 21.
Ra1 Nxb2 22. Qxb2 Rc7 23. Rfc1 Rfc8 24. Bf1 Qa5 25. b4 Qb6 26. Na4 Qc6 27. Rxc6
Rxc6 28. Nc5 R8c7 29. Bb5 Rb6 30. Nd7+ Rxd7 31. Bxd7 f6 32. Qc2 Rc6 33. Bxc6
bxc6 34. Qxc6 fxe5 35. Rc1 Bd6 36. Qc8# 1-0

[Event "NB-Einzel Untergriesbach"]
[Site "Niederbayern"]
[Date "2013.04.07"]
[Round "7.1"]
[White "Heiduczek, Josef"]
[Black "Schultes, Christoph"]
[Result "1-0"]
[WhiteElo "2205"]
[BlackElo "1941"]
[PlyCount "51"]
[EventDate "2013.04.??"]
[EventType "swiss"]
[EventRounds "7"]
[EventCountry "GER"]
[SourceDate "2015.06.26"]
[WhiteTeam "SC Rottal"]
[BlackTeam "SK Landau-Dingolfing"]
[WhiteTeamCountry "GER"]
[BlackTeamCountry "GER"]

1. e4 c5 2. Nf3 Nc6 3. d4 cxd4 4. Nxd4 g6 5. Nc3 Bg7 6. Be3 Nf6 7. Bc4 O-O 8.
Bb3 a5 9. a4 Ng4 10. Qxg4 Nxd4 11. Qd1 Nc6 12. Qd2 Nb4 13. h4 h5 14. g4 hxg4
15. h5 Ra6 16. O-O-O d5 17. f4 gxf3 18. hxg6 Rxg6 19. Qh2 Re8 20. Nxd5 Qd6 21.
Qh7+ Kf8 22. Nf4 Qf6 23. Nxg6+ Qxg6 24. Rdg1 Qxh7 25. Rxh7 f2 26. Bxf2 1-0

[Event "NB-Einzel Untergriesbach"]
[Site "Niederbayern"]
[Date "2013.04.07"]
[Round "7.3"]
[White "Zepke, Armin"]
[Black "Mueller, Michael3"]
[Result "0-1"]
[WhiteElo "2032"]
[BlackElo "2012"]
[PlyCount "80"]
[EventDate "2013.04.??"]
[EventType "swiss"]
[EventRounds "7"]
[EventCountry "GER"]
[SourceDate "2015.06.26"]
[WhiteTeam "SC Bayerwald Regen"]
[BlackTeam "SC Bayerwald Regen"]
[WhiteTeamCountry "GER"]
[BlackTeamCountry "GER"]

1. d4 d6 2. Bf4 Nf6 3. e3 g6 4. Nf3 Bg7 5. h3 O-O 6. Be2 Nbd7 7. O-O c5 8. c3
b6 9. Nbd2 Bb7 10. Bh2 a6 11. a4 Ra7 12. b4 Qa8 13. Qb3 Ne4 14. Nxe4 Bxe4 15.
Rfd1 h6 16. Rac1 Rb8 17. Rd2 a5 18. bxc5 bxc5 19. Qa2 Rc8 20. Ne1 cxd4 21. exd4
Rac7 22. c4 e5 23. Bf3 Bxf3 24. Nxf3 Qa6 25. c5 dxc5 26. dxe5 Qe6 27. Qxe6 fxe6
28. Bf4 g5 29. Bg3 Kf7 30. Rd6 c4 31. Nd4 Nxe5 32. Nxe6 Rd7 33. Rxd7+ Nxd7 34.
Nc7 c3 35. Nb5 Ke6 36. Kf1 Nb6 37. Ke2 Nxa4 38. Kd3 Nc5+ 39. Kc2 Ne4 40. Ra1
Rd8 0-1

[Event "NB-Einzel Untergriesbach"]
[Site "Niederbayern"]
[Date "2013.04.07"]
[Round "7.4"]
[White "Zinner, Bernhard"]
[Black "Stadler, Alexander"]
[Result "1-0"]
[WhiteElo "1706"]
[BlackElo "2086"]
[PlyCount "49"]
[EventDate "2013.04.??"]
[EventType "swiss"]
[EventRounds "7"]
[EventCountry "GER"]
[SourceDate "2015.06.26"]
[WhiteTeam "TV 1862 Geiselhöring"]
[BlackTeam "SV Deggendorf"]
[WhiteTeamCountry "GER"]
[BlackTeamCountry "GER"]

1. d4 d5 2. c4 c6 3. cxd5 cxd5 4. Nc3 Nf6 5. Nf3 Nc6 6. e3 e6 7. a3 Bd6 8. Bd3
O-O 9. O-O e5 10. dxe5 Nxe5 11. Nxe5 Bxe5 12. Ne2 Bxh2+ 13. Kxh2 Ng4+ 14. Kg3
h5 15. Rh1 h4+ 16. Rxh4 Nxf2 17. Bh7+ Kh8 18. Qa4 g5 19. Qd4+ f6 20. Bc2+ Kg8
21. Kxf2 gxh4 22. Bb3 Be6 23. Nf4 Qc7 24. Bd2 Qe5 25. Rh1 1-0

[Event "NB-Einzel Untergriesbach"]
[Site "Niederbayern"]
[Date "2013.04.07"]
[Round "7.5"]
[White "Kuespert, Erwin"]
[Black "Bichlmeier, Juergen"]
[Result "0-1"]
[WhiteElo "1778"]
[BlackElo "1922"]
[PlyCount "64"]
[EventDate "2013.04.??"]
[EventType "swiss"]
[EventRounds "7"]
[EventCountry "GER"]
[SourceDate "2015.06.26"]
[WhiteTeam "DJK-SV Schaibing"]
[BlackTeam "SC Rottal"]
[WhiteTeamCountry "GER"]
[BlackTeamCountry "GER"]

1. d4 f5 2. e4 fxe4 3. Nc3 Nf6 4. Bg5 Nc6 5. Bb5 g6 6. Bxf6 exf6 7. Nxe4 f5 8.
Ng3 Bg7 9. Qe2+ Qe7 10. Qxe7+ Nxe7 11. O-O-O a6 12. Bf1 b5 13. Nf3 Bb7 14. h4
h6 15. c3 d6 16. Re1 Kd7 17. Bd3 Rhf8 18. Rhg1 Bd5 19. b3 Rac8 20. Re2 c5 21.
Rge1 Bf6 22. h5 cxd4 23. hxg6 Rxc3+ 24. Kd2 Bxf3 25. Rxe7+ Bxe7 26. Bxf5+ Rxf5
27. Rxe7+ Kxe7 28. Nxf5+ Kf6 29. g7 Bd5 30. Nxh6 Kxg7 31. Nf5+ Kf6 32. Nxd4 Rc8
0-1

[Event "NB-Einzel Untergriesbach"]
[Site "Niederbayern"]
[Date "2013.04.07"]
[Round "7.6"]
[White "Palmi, Herbert"]
[Black "Wimmer, Martin"]
[Result "1/2-1/2"]
[WhiteElo "1993"]
[BlackElo "1990"]
[PlyCount "80"]
[EventDate "2013.04.??"]
[EventType "swiss"]
[EventRounds "7"]
[EventCountry "GER"]
[SourceDate "2015.06.26"]
[WhiteTeam "SC Bayerwald Regen"]
[BlackTeam "DJK-SV Schaibing"]
[WhiteTeamCountry "GER"]
[BlackTeamCountry "GER"]

1. e4 c6 2. d4 d5 3. Nc3 dxe4 4. Nxe4 Bf5 5. Ng3 Bg6 6. N1e2 e6 7. Nf4 Bd6 8.
Be3 Ne7 9. Nxg6 hxg6 10. Qf3 Nd7 11. Ne4 Bc7 12. Bd3 Nf5 13. O-O-O Nxe3 14.
fxe3 f5 15. Nc5 Nxc5 16. dxc5 Qf6 17. Bc4 Rh4 18. Ba6 e5 19. Bxb7 e4 20. Qe2
Rb8 21. Qa6 Be5 22. Qxc6+ Qxc6 23. Bxc6+ Kf8 24. c3 Rc8 25. Ba4 Rxc5 26. g3 Rh3
27. Bb3 Ke7 28. Rdg1 a5 29. Rg2 g5 30. Rf1 g6 31. Kd2 Rc8 32. Ke2 Rch8 33. Rff2
Rd8 34. Kf1 Bc7 35. Rd2 Rxd2 36. Rxd2 Bb6 37. Re2 Kf6 38. Kg2 g4 39. Bc2 Rh8
40. Bb3 g5 1/2-1/2

[Event "NB-Einzel Untergriesbach"]
[Site "Niederbayern"]
[Date "2013.04.07"]
[Round "7.7"]
[White "Lichtmannecker, Hans"]
[Black "Sierian, Peter"]
[Result "1/2-1/2"]
[WhiteElo "1653"]
[BlackElo "1723"]
[PlyCount "92"]
[EventDate "2013.04.??"]
[EventType "swiss"]
[EventRounds "7"]
[EventCountry "GER"]
[SourceDate "2015.06.26"]
[WhiteTeam "SV Aham"]
[BlackTeam "TSV Aidenbach"]
[WhiteTeamCountry "GER"]
[BlackTeamCountry "GER"]

1. d4 d5 2. Nc3 Bf5 3. e3 Nf6 4. Bd3 Qd7 5. Nf3 Bg4 6. Ne5 Bxd1 7. Nxd7 Nbxd7
8. Nxd1 e6 9. f3 e5 10. Nf2 exd4 11. exd4 Bd6 12. O-O O-O-O 13. Bg5 h6 14. Bd2
Rde8 15. c4 c6 16. c5 Bc7 17. b4 b5 18. a4 a6 19. axb5 axb5 20. Ng4 Kb7 21.
Nxf6 Nxf6 22. Ra2 Ra8 23. Rfa1 Rxa2 24. Rxa2 Re8 25. g3 Nd7 26. Kf2 Nf8 27. Bf5
Bd8 28. Bf4 Bf6 29. Be3 Ne6 30. Bxe6 fxe6 31. f4 Ra8 32. Rxa8 Kxa8 33. Kf3 Kb7
34. Kg4 Kc8 35. Kh5 Kd7 36. Kg6 Ke7 37. h4 Kf8 38. Bf2 Kg8 39. g4 Bd8 40. g5
hxg5 41. hxg5 Bc7 42. Bg3 Bb8 43. Kh5 Kf7 44. Bh2 g6+ 45. Kg4 Bc7 46. Bg3 Bd8
1/2-1/2